Suspensin̤ de la prescripcin̤ en el cd̤igo civil espaǫl estudio crt̕ico de la legalidad vigente /

Bibliographic Details
Main Author: Rivero Hernǹdez, Francisco
Format: Unknown
Language:Spanish
Published: Madrid : Dykinson, 2003
Subjects:
Online Access:Acceso restringido

MARC

LEADER 00000ny a22000003n 4500
005 20110610150845.0
008 030102s2003 sp 000 0 spa d
020 |a 9788481559750 
035 |a 145 
040 |a BUS  |d vLex 
090 |c 644  |d 644 
100 1 |a Rivero Hernǹdez, Francisco 
245 1 0 |a Suspensin̤ de la prescripcin̤ en el cd̤igo civil espaǫl  |h [Recurso electrn̤ico]  |b estudio crt̕ico de la legalidad vigente /  |c Francisco Rivero Hernǹdez  
256 |a Servicio en ln̕ea 
260 |a Madrid :  |b Dykinson,  |c 2003 
300 |a p. ;  |c cm 
506 1 |a Contenido solo disponible en los productos indicados  |d vLex Global  |d vLex Global (Academic Edition, excluding Law Schools)  |d vLex Global (U.S. Academic Edition, Law Schools)  |d vLex Global (U.S. Academic Edition, excluding Law Schools)  |d vLex Global (Academic Edition, Law Schools) 
650 0 7 |a Cd̤igo civil  |2 Tesauro vLex 
650 0 7 |a Civil  |2 Tesauro vLex 
650 0 7 |a Prescripcin̤ de derechos  |2 Tesauro vLex 
740 0 |a vLex Libros (Servicios en ln̕ea) 
856 4 0 |u http://vlex.com/source/145  |z Acceso restringido 
942 |c BOOK 
999 0 |a Civil Code  |b Madrid